000
00224nam a22000857a 4500
008
160705b xxu||||| |||| 00| 0 eng d
100
_9
2110
_a
Siddiqui, M.H
245
_a
Teaching of Science
260
_a
New Dddelhi
_b
A.P.H.
_c
2005
999
_c
1805
_d
1805